Quest for the golden hare /

Bibliographic Details
Main Author: Gascoigne, Bamber
Other Authors: Barker, Mike, Rousseau, John
Format: Book
Language:English
Published: London : Cape, 1983.
Subjects:

MARC

Tag First Indicator Second Indicator Subfields
LEADER 00000cam a2200000 a 4500
001 in00000527921
005 20151013161734.0
008 840125s1983 enkfa 00010 eng
010 |a  83147186  
020 |a 0224021168 :  |c 7.95 
035 |a (OCoLC)10430193 
035 |9 ACG6416AM 
039 0 |a 2  |b 3  |c 3  |d 3  |e 3 
040 |a DLC  |c DLC  |d TXA  |d UtOrBLW 
049 |a TXAM 
050 0 0 |a GV1493  |b .G37 1983 
082 0 |a 622/.19/0941  |2 19 
100 1 |a Gascoigne, Bamber. 
245 1 0 |a Quest for the golden hare /  |c Bamber Gascoigne ; with the perfect solution submitted by Mike Barker and John Rousseau. 
264 1 |a London :  |b Cape,  |c 1983. 
300 |a xii, 224 pages, 8 unnumbered pages of plates :  |b illustrations ;  |c 23 cm. 
336 |a text  |b txt  |2 rdacontent 
337 |a unmediated  |b n  |2 rdamedia 
338 |a volume  |b nc  |2 rdacarrier 
600 1 0 |a Williams, Kit.  |t Masquerade. 
650 0 |a Literary recreations. 
650 0 |a Picture puzzles. 
650 0 |a Treasure troves. 
700 1 |a Barker, Mike. 
700 1 |a Rousseau, John. 
999 |a MARS 
999 f f |s b4052c7f-4aef-3f4f-8254-d60751a76cf5  |i 312570a6-73aa-3873-b1ea-f6153485cb75  |t 0 
952 f f |p ric  |a Texas A&M University  |b Rellis Campus  |c Joint Library Facility  |d Remote Storage  |t 0  |e GV1493 .G37 1983  |h Library of Congress classification  |i unmediated -- volume  |m A14808179949 
998 f f |a GV1493 .G37 1983  |t 0  |l Remote Storage